000 00595nam a22002297a 4500
003 UA-OsUOA
001 48173
007 ta
008 20070830b un ||||| |||| 00| 0 ukr d
100 _aМикола Вінограновський
090 _a821,161,2
_bМ59
942 _cBK
040 _aUA-OsUOA
_bukr
_cUA-OsUOA
_dUA-OsUOA
245 _aСто поезій
300 _a125 с.
955 _a2
041 _aukr
080 _a821,161,2
260 _aК.
_bМолодь
_c1967
650 7 _a82 Література. Літературознавство
_2UDC
999 _c334290
_d334290